Заключения экспертов Владимирского окружного суда по делу Колоскова И. В. и Григорьева Д., обвинявшихся в принадлежности к хлыст...

Доступно только в Электронных читальных залах Найти на картеНа карте
RUSMARC
00004205nac2a22002771x 450
0016882c77e-c52d-48b3-bff7-efdb4002ccc4
00520131121110911.0
100##$a20130529l19121914k y0rusy50 ca
1010#$arus
102##$aRU
105##$ay z |||||
2001#$aЗаключения экспертов Владимирского окружного суда по делу Колоскова И. В. и Григорьева Д., обвинявшихся в принадлежности к хлыстовской секте, и их кассационные жалобы Сенату на решение Московской судебной палаты по тому же делу
$j1912-1914
215##$a47 листов
251##$cДело
300##$aМашинописный текст
330##$aДокументальные материалы, отложившиеся в результате служебной и общественной деятельности А. Ф. Кони; По должности сенатора и члена Государственного совета
461#0$10013a54f2e3-e9cf-409b-80fa-f0a9bd3c40cb
$12001
$aКони Анатолий Федорович, юрист, литератор, член академии наук, председатель Санкт-Петербургского окружного суда, член государственного совета
$1251
$cФонд
$1852
$j564
462#0$100178a475cd-a47d-4377-bff3-cee4b81de655
$12001
$aОпись дел фонда А. Ф. Кони за 1880-1931 гг.
$1251
$cОпись
$1852
$j1
600#1$aКони
$bА. Ф.
$f1844-1927
$gАнатолий Федорович
600#1$aКолосков
$bИ. В.
600#1$aГригорьев
$bД.
60102$3RU\NLR\AUTH\8810178232
$aВладимирский окружной суд
60102$3RU\NLR\AUTH\8810073474
$aМосковская военная комиссия для оказания помощи призванным на действительную военную службу
801#0$aRU
$bGA_RF
801#1$aRU
$bНПО Опыт
$c20130529
$2rusmarc
801#2$aRU
$bПБ им. Б.Н. Ельцина
$c20131121
$gRCR
$2rusmarc
852##$aГА РФ
$j708
937##$d41881864
$hПБ
035##$aRuPRLIB51002775
Формат отображения